000 01342cam a22003131 4500
001 gs 65000361
003 DLC
005 20260227111417.0
008 740923s1965 xx 000 0 eng
010 _ags 65000361
035 _a(OCoLC)1018089
040 _aDLC
_cNRU
_dOCoLC
_dDLC
042 _apremarc
050 0 0 _aGB1025.M9
_bM3
100 1 _aMcMurtrey, R. G.
245 1 0 _aGeology and ground-water resources of the Missoula Basin, Montana,
_cby R. G. McMurtrey, R. L. Konizeski and Alex Brietkrietz.
260 _aButte,
_bMontana College of Mineral Science and Technology,
_c1965.
300 _aiv, 35 p.
_billus., maps (3 fold. in pocket)
_c28 cm.
490 1 _aMontana. Bureau of Mines and Geology. Bulletin 47
500 _a"Prepared by the U. S. Geological Survey, Water Resources Division, under a cooperative agreement with the Montana Bureau of Mines and Geology."
504 _aBibliography: p. 34-35.
650 0 _aGeology
_zMontana
_zMissoula Basin.
650 0 _aGroundwater
_zMontana
_zMissoula Basin.
650 0 _aWater-supply
_zMontana
_zMissoula Basin.
700 1 _aKonizeski, Richard L.,
_d1917-
_ejoint author.
700 1 _aBrietkrietz, Alex,
_d1929- ,
_ejoint author.
710 2 _aGeological Survey (U.S.).
_bWater Resources Division.
810 2 _aMontana Bureau of Mines and Geology.
_tBulletin ;
_v47.
999 _c30104
_d30104